000 00855nam a22002297i 4500
999 _c23182
_d23182
003 AR-CdUCM
008 250122b20222022 pe||||| |||| 00| 0 spa d
040 _aMUNICIPALIDAD PROVINCIAL DEL CUSCO
_cBIBLIOTECA MUNICIPAL DEL CUSCO
041 _hspa
082 _a371.11 / F49
_bF49
100 _aFigueroa Bedriñana, David
_950941
245 _aHistorial Pedagógico :
_bImagen de nuestra relación con el quehacer educativo /
260 _aCusco :
_bSiteculebras Editores
_c2022
300 _a87 páginas. :
_c24x17 cm.
505 _aImpetración al Educador -- Al Maestro -- Historial Pedagógico. Imagen e nuestra relación con el quehacer educativo -- Analizando actitudes
650 _aEducador
_9128
650 _aMaestro
_92997
650 _aPedagogía
_91560
650 _aProfesores
_945505
942 _2ddc
_cLIBROS
945 _apbjr
_d22-01-2025